Las migraciones internas en Panamá: algunas consideraciones

Spremljeno u:
Bibliografski detalji
Glavni autor: Vivar, Pablo
Format: Tekst
Izdano: Panamá: Universidad de Panamá
Oznake: Dodaj oznaku
Bez oznaka, Budi prvi tko označuje ovaj zapis!

MARC

LEADER 00000 a a2200000 04500
001 21061
003
040
090 |a 091000  
100 |a Vivar, Pablo  
245 |a Las migraciones internas en Panamá: algunas consideraciones  
260 |a Panamá:   |b Universidad de Panamá  
300 |a S.D.  
999 |c 16132  |d 16132